| 000 | 00561nam a2200205Ia 4500 | ||
|---|---|---|---|
| 001 | 16983 | ||
| 003 | GE_BSU | ||
| 008 | 181216s||||||||xx |||||||||||||| ||und|| | ||
| 040 | _cGE_BSU | ||
| 080 | _a821.353.1-11 | ||
| 100 | _aბერულავა, ხუტა | ||
| 245 | _aორი პოემა. | ||
| 245 | _cრედ.ს.ჩიქოვანი | ||
| 260 | _aთბილისი | ||
| 260 | _bსაბჭ. მწერალი | ||
| 260 | _c1954 | ||
| 300 | _a108გვ. ; 17სმ. | ||
| 653 | _aორი პოემა | ||
| 942 | _cBK | ||
| 999 |
_c50045 _d50045 |
||